|
|
|
|
| LEADER |
00789nam a2200229 a 4500 |
| 001 |
498400 |
| 008 |
090726s1992 enk b 001 0 eng d |
| 010 |
|
|
|a 85020688
|
| 020 |
|
|
|a 0571162916
|
| 040 |
|
|
|a DLC
|c DLC
|d DLC
|
| 082 |
0 |
0 |
|a 811
|2 19
|
| 100 |
1 |
|
|a Walcott, Derek.
|
| 240 |
1 |
0 |
|a Poems.
|k Selections
|
| 245 |
1 |
0 |
|a Collected poems, 1948-1984 /
|c Derek Walcott.
|
| 250 |
|
|
|a 1st ed.
|
| 260 |
|
|
|a London :
|b Faber and Faber,
|c 1992.
|
| 300 |
|
|
|a 515 p. ;
|c 20 cm.
|
| 504 |
|
|
|a Includes bibliography (p.512) and index.
|
| 541 |
1 |
|
|e 00014399
|
| 852 |
4 |
|
|a Ayesha Abed Library
|j General shelf
|
| 999 |
|
|
|c 2869
|d 2869
|
| 952 |
|
|
|0 0
|1 0
|2 ddc
|4 0
|6 811_WAL_199200000000000
|7 0
|9 2617
|a BRACUL
|b BRACUL
|c GEN
|d 2009-07-27
|g 1495.00
|l 5
|m 12
|o 811 WAL
|p 3010014399
|r 2024-05-05
|s 2024-05-05
|t 1
|v 2990.00
|w 2009-07-27
|y BK
|